A-Z Geography: containing "Alt" - Statistics

General Stats
  • This quiz has been taken 5 times
  • The average score is 3 of 26
Answer Stats
Initial: Clue Place % Correct
B Major port in Maryland Baltimore
100%
D Georgia city on Interstate 75 between Atlanta and Chattanooga Dalton
80%
G Strategic British territory near the southern tip of Spain Gibraltar
60%
R California city in the Inland Empire bearing the name of an Italian bridge Rialto
20%
Y Crimean location of a famous post-war conference in 1945 Yalta
20%
A The capital of China's Kazakh prefecture, named after the nearby mountains Altay
0%
C District of Sutton, London, where vehicles stop Carshalton
0%
E San Mateo suburb facing onto San Francisco Bay East Palo Alto
0%
F District in the West End of Christchurch on New Zealand's South Island Fendalton
0%
H Northumberland town on the Tyne whose name suggests a train sound Haltwhistle
0%
I Settlement and island in Oaxaca, Mexico, where a popular vegan bean product is grown and kept in the back of a fridge beside a chest Isla Soyaltepec
0%
J Municipality in Guatemala where analog jet can is reassembled Jacaltenango
0%
K Saudi person found at a district capital in Kyrgyzstan Kara-Balta
0%
L Tear villa apart at a town on the St Lawrence in Quebec Lavaltrie
0%
M Turkish city which has a car park between two eastern sections Maltepe
0%
N New town in Altai Krai, Russia, by the Ob river Novoaltaysk
0%
O Austrian village which has got something over Raleigh Oberwaltersdorf
0%
P Major suburb of Santiago, meaning high bridge in Spanish Puente Alto
0%
Q The second-biggest city of Guatemala, named after a bird Quetzaltenango
0%
S A city of north-west Argentina Salta
0%
T Trudge, feeling sick, to this upper suburb of San Juan, Puerto Rico Trujillo Alto
0%
U Town in Illinois on the Mississippi, above St. Louis Upper Alton
0%
V Town in the Dominican Republic to which we give great thanks Villa Altagracia
0%
W District tucked away in Waltham Forest, London Walthamstow
0%
X Mexican town which is the first to give excellent presents every Christmas Xaltepec
0%
Z Dutch municipality on the Waal (Rhine) whose name recalls a PSV midfielder Zaltbommel
0%
No matching quizzes found
Score Distribution
Percent of People with Each Score
Percentile by Number Answered
Your Score History
You have not taken this quiz